01408nam a2200241Ia 4500952009800000999001700098008004100115020001500156050001700171100003200188240003900220245014200259250001900401260003800420300003700458500004600495500020200541505031000743519004201053650001301095700004601108942001201154 00102lcc4070a01b01d2022-09-22l0oBC108 B3618p16 001898r2023-07-12t1w2022-09-22yLB c69097d69097120626s1991 mx a 000 0 spa d a9684228465 aBC108bB3618 aBarker, Stepehen F.eautor  aThe elements of logic lEspañol  aElementos de lógicac/ Stepehen F., Barker; traductor; Rosa María, Rosas Sánchez; revisión técnica: Sara Luz, Alvarado Rosales  a5a. edición  aMéxicob; Mc Graw-Hill c, 1991 a306 páginas b: ilustraciones  aTítulo original: The elements of logic  aIncluye: Contenido, Prefacio (pp. xi- xii), Nota (p. x), Glosario de términos (pp. 277 - 287), Glosario de símbolos ( pp. 288 - 289), Notas (pp. 290 - 306), Índice analítico (pp. 307 - 313) aI. Introducción II. La lógica de las preposiciones categóricas III. La lógica de funciones de verdad IV. Cuantificación monádica V. Cuantificación integral VI. Falacias VII. Razonamientos inductivo VIII. Aplicación de los principios lógicos IX. Cuestiones filosóficas  aMaterial Complementario / d16 001898 0aLÓGICA aRosas Sánchez, Rosa Maríaetraductora cLB2lcc